[Event "BEL-chT 1819"]
[Site "Belgium"]
[Date "2019.03.17"]
[Round "9.1"]
[White "Leenhouts, Koen"]
[Black "Geenen, Marc"]
[Result "1-0"]
[WhiteElo "2457"]
[BlackElo "2260"]
[PlyCount "77"]
[EventDate "2018.09.30"]
[EventType "team-tourn"]
[EventRounds "11"]
[EventCountry "BEL"]
[SourceTitle "CBM 189 Extra"]
[Source "ChessBase"]
[SourceDate "2019.05.31"]
[SourceVersion "1"]
[SourceVersionDate "2019.05.31"]
[SourceQuality "1"]
[WhiteTeam "KBSK Brugge"]
[BlackTeam "Boitsfort"]
[WhiteTeamCountry "BEL"]
[BlackTeamCountry "BEL"]

1. d4 d5 2. c4 dxc4 3. e3 Nf6 4. Bxc4 e6 5. Nf3 c5 6. 0-0 Nc6 7. Nc3 Be7 8. a3 0-0 9. Bd3 cxd4 10. exd4 b6 11. Re1 Bb7 12. Bc2 Qd7 13. Qd3 Rfd8 14. Be3 g6 15. Rad1 Nd5 16. Bh6 Rac8 17. h4 Nxc3 18. bxc3 Bf6 19. Bg5 Qe7 20. Re4 Na5 21. Rf4 Bxg5 22. Nxg5 f5 23. Re1 Bd5 24. Qg3 Qxa3 25. h5 Qxc3 26. Re3 Qa1+ 27. Kh2 Rxc2 28. Nxh7 Rc7 29. Nf6+ Kf8 30. Rxf5 Rc1 31. Qxg6 Rh1+ 32. Kg3 Rh3+ 33. Kxh3 Qh1+ 34. Kg4 Qxg2+ 35. Rg3 exf5+ 36. Qxf5 Be6 37. Qxe6 Qxf2 38. Nh7+ Kg7 39. Kh3+ 1-0

[Event "BEL-chT 1819"]
[Site "Belgium"]
[Date "2019.02.24"]
[Round "8.4"]
[White "Zaragatski, Ilja"]
[Black "Geenen, Marc"]
[Result "1-0"]
[WhiteElo "2480"]
[BlackElo "2260"]
[PlyCount "145"]
[EventDate "2018.09.30"]
[EventType "team-tourn"]
[EventRounds "11"]
[EventCountry "BEL"]
[SourceTitle "CBM 189 Extra"]
[Source "ChessBase"]
[SourceDate "2019.05.31"]
[SourceVersion "1"]
[SourceVersionDate "2019.05.31"]
[SourceQuality "1"]
[WhiteTeam "Echiquier Mosan"]
[BlackTeam "Boitsfort"]
[WhiteTeamCountry "BEL"]
[BlackTeamCountry "BEL"]

1. c4 e5 2. g3 Nf6 3. Bg2 c6 4. Nf3 e4 5. Nd4 Qb6 6. e3 d5 7. Nc3 Na6 8. cxd5 cxd5 9. 0-0 Bb4 10. Na4 Qd8 11. a3 Bc5 12. d3 0-0 13. Nxc5 Nxc5 14. dxe4 dxe4 15. Bd2 Bg4 16. Qb1 Qd7 17. Bb4 b6 18. Rc1 Rfc8 19. Rc2 Bh3 20. Bh1 Ne6 21. Nxe6 Qxe6 22. Rxc8+ Rxc8 23. Bc3 Bf5 24. Qd1 Nd5 25. Bd4 Qc6 26. Bg2 Nf6 27. h3 h5 28. Qe2 Qc4 29. Qxc4 Rxc4 30. Rd1 Nd7 31. Bc3 Rc8 32. Rd5 Rc5 33. Rd4 Ne5 34. Bxe4 Nc6 35. Bxc6 Rxc6 36. Kg2 f6 37. f3 Kf7 38. Rd5 g6 39. g4 hxg4 40. hxg4 Be6 41. Rd1 Rc8 42. Rh1 Rg8 43. g5 fxg5 44. Rh7+ Ke8 45. Rxa7 g4 46. fxg4 Bd5+ 47. Kg3 Rf8 48. Kh4 Rf3 49. Bd4 b5 50. Kg5 Be4 51. Rc7 Rf7 52. Rc5 Bd3 53. Rc3 Be4 54. Rc8+ Kd7 55. Rb8 Bd3 56. Bf6 Kc6 57. Re8 Ra7 58. Bd4 Rd7 59. Bc3 Rd6 60. Be5 Kd7 61. Rf8 Re6 62. Bd4 Re4 63. Rf2 Re6 64. Rd2 Be4 65. Be5+ Kc6 66. Kf4 Bd5 67. Rc2+ Kd7 68. Rc7+ Kd8 69. e4 Bc6 70. Rg7 Be8 71. g5 Bc6 72. Bf6+ Ke8 73. e5 1-0

[Event "BEL-chT 1819"]
[Site "Belgium"]
[Date "2018.09.30"]
[Round "1.5"]
[White "Geenen, Marc"]
[Black "Lenaerts, Lennert"]
[Result "1-0"]
[WhiteElo "2260"]
[BlackElo "2362"]
[PlyCount "131"]
[EventDate "2018.09.30"]
[EventType "team-tourn"]
[EventRounds "11"]
[EventCountry "BEL"]
[SourceTitle "CBM 186 Extra"]
[Source "ChessBase"]
[SourceDate "2018.08.24"]
[SourceVersion "1"]
[SourceVersionDate "2018.08.24"]
[SourceQuality "1"]
[WhiteTeam "Boitsfort"]
[BlackTeam "Liege Crelel"]
[WhiteTeamCountry "BEL"]
[BlackTeamCountry "BEL"]

1. e4 e5 2. Nf3 Nc6 3. Bc4 Bc5 4. c3 Nf6 5. d4 exd4 6. e5 d5 7. Bb5 Ne4 8. cxd4 Bb6 9. Be3 0-0 10. Nc3 f5 11. Qb3 Ne7 12. g3 Kh8 13. h4 Be6 14. Ne2 c5 15. dxc5 d4 16. Qxe6 Nxc5 17. Qd6 dxe3 18. fxe3 Nd5 19. 0-0-0 Qxd6 20. exd6 Nxe3 21. Nf4 Nxd1 22. Rxd1 Rf6 23. d7 a6 24. Bc4 Rd8 25. Ne5 Bc7 26. Nf7+ Rxf7 27. Bxf7 Bxf4+ 28. gxf4 g6 29. Be8 Ne6 30. Rd6 Nxf4 31. Rb6 Nd5 32. Rxb7 Nf6 33. Ra7 Nxe8 34. dxe8Q+ Rxe8 35. Rxa6 f4 36. Ra4 Rf8 37. Kd2 Kg7 38. Ra7+ Kf6 39. Rxh7 Rd8+ 40. Ke2 Rc8 41. b3 Ra8 42. Kf3 Rxa2 43. Kxf4 Rb2 44. Rb7 Rh2 45. Kg4 Rg2+ 46. Kf3 Rh2 47. Rb6+ Kf5 48. Rb5+ Kf6 49. Kg3 Rb2 50. b4 Rb1 51. Rb8 Kg7 52. b5 Rb4 53. b6 Kh6 54. Kf3 Rb3+ 55. Ke4 Rb4+ 56. Kd5 Rb1 57. Kc6 Rc1+ 58. Kb7 Kh5 59. Rc8 Rf1 60. Rc4 Rf2 61. Ka7 Ra2+ 62. Kb8 Ra1 63. b7 Rf1 64. Rb4 Rf2 65. Ka7 Rf7 66. Ka8 1-0

[Event "FRA-chT Top 12"]
[Site "Brest"]
[Date "2018.06.05"]
[Round "11"]
[White "Delorme, Axel"]
[Black "Geenen, Marc"]
[Result "1-0"]
[WhiteElo "2527"]
[BlackElo "2241"]
[PlyCount "75"]
[EventDate "2018.05.26"]
[EventType "team-tourn"]
[EventRounds "11"]
[EventCountry "FRA"]
[SourceTitle "EXT 2019"]
[Source "ChessBase"]
[SourceDate "2018.10.10"]
[SourceVersion "1"]
[SourceVersionDate "2018.10.10"]
[SourceQuality "1"]
[WhiteTeam "Clichy Echecs 92"]
[BlackTeam "Saint Quentin"]
[WhiteTeamCountry "FRA"]
[BlackTeamCountry "FRA"]

1. d4 d5 2. Nf3 Nf6 3. g3 c5 4. Bg2 cxd4 5. 0-0 g6 6. Nxd4 Bg7 7. Nc3 e6 8. e4 Nc6 9. exd5 Nxd5 10. Nxd5 Nxd4 11. Nb4 0-0 12. c3 Qe7 13. Re1 Nf5 14. Nd3 Rd8 15. Qe2 Qd6 16. Rd1 Qa6 17. Qc2 Qc4 18. Bf4 Bd7 19. Bxb7 Bc6 20. Bxc6 Qxc6 21. Qe2 Qc4 22. Rd2 Rd5 23. Nb4 Qxe2 24. Rxe2 Rd7 25. a4 a5 26. Nc6 Rc8 27. Nxa5 Ra7 28. Nb3 e5 29. Be3 Nxe3 30. fxe3 Rb7 31. Nc1 e4 32. a5 Rd8 33. a6 Rd1+ 34. Kf2 Ra7 35. Rc2 Rd6 36. Nb3 Raxa6 37. Rxa6 Rxa6 38. Nc5 1-0

[Event "FRA-chT Top 12"]
[Site "Brest"]
[Date "2018.06.03"]
[Round "9"]
[White "Geenen, Marc"]
[Black "Gatineau, Yovann"]
[Result "1-0"]
[WhiteElo "2241"]
[BlackElo "2386"]
[PlyCount "77"]
[EventDate "2018.05.26"]
[EventType "team-tourn"]
[EventRounds "11"]
[EventCountry "FRA"]
[SourceTitle "EXT 2019"]
[Source "ChessBase"]
[SourceDate "2018.10.10"]
[SourceVersion "1"]
[SourceVersionDate "2018.10.10"]
[SourceQuality "1"]
[WhiteTeam "Saint Quentin"]
[BlackTeam "Mulhouse Philidor"]
[WhiteTeamCountry "FRA"]
[BlackTeamCountry "FRA"]

1. e4 c5 2. Nf3 e6 3. d4 cxd4 4. Nxd4 Nf6 5. Nc3 Nc6 6. Ndb5 d6 7. Bf4 e5 8. Bg5 a6 9. Na3 b5 10. Bxf6 gxf6 11. Nd5 Bg7 12. Bd3 Ne7 13. Nxe7 Qxe7 14. 0-0 f5 15. c4 0-0 16. Qf3 Re8 17. Rfe1 Rb8 18. exf5 bxc4 19. Nxc4 Rb4 20. b3 Qd8 21. Rad1 d5 22. Be4 d4 23. Bc6 Rf8 24. Nxe5 Qg5 25. Bd5 Bxf5 26. Nxf7 Qf6 27. Nh6+ Kh8 28. Nxf5 Qxf5 29. Qxf5 Rxf5 30. Re8+ Bf8 31. Bc4 Kg7 32. Rxd4 Rb6 33. Rd7+ Kh6 34. Bd3 Rff6 35. Rxh7+ Kg5 36. h4+ Kg4 37. Re4+ Kf5 38. g4+ Kg6 39. Re6# 1-0

[Event "FRA-chT Top 12"]
[Site "Brest"]
[Date "2018.06.01"]
[Round "7"]
[White "Geenen, Marc"]
[Black "Dorfman, Josif D"]
[Result "1/2-1/2"]
[WhiteElo "2241"]
[BlackElo "2547"]
[PlyCount "119"]
[EventDate "2018.05.26"]
[EventType "team-tourn"]
[EventRounds "11"]
[EventCountry "FRA"]
[SourceTitle "EXT 2019"]
[Source "ChessBase"]
[SourceDate "2018.10.10"]
[SourceVersion "1"]
[SourceVersionDate "2018.10.10"]
[SourceQuality "1"]
[WhiteTeam "Saint Quentin"]
[BlackTeam "Grasse Echecs"]
[WhiteTeamCountry "FRA"]
[BlackTeamCountry "FRA"]

1. e4 c5 2. Nf3 d6 3. d4 cxd4 4. Nxd4 Nf6 5. Nc3 Nc6 6. Bg5 e6 7. Qd2 a6 8. 0-0-0 Bd7 9. Be2 Rc8 10. f4 h6 11. Bh4 Nxe4 12. Nxe4 Qxh4 13. Nf3 Qe7 14. Qe3 Qd8 15. Nxd6+ Bxd6 16. Rxd6 Qc7 17. Rhd1 Nd4 18. Nxd4 Qxd6 19. Nf5 Qc5 20. Nd6+ Ke7 21. Nxc8+ Rxc8 22. Qxc5+ Rxc5 23. h4 Bc6 24. g3 g5 25. hxg5 hxg5 26. Kd2 gxf4 27. gxf4 Rf5 28. Rf1 Rf6 29. Ke3 Rh6 30. Rf2 a5 31. Kd4 b6 32. Bf3 Bd7 33. c4 Rh4 34. Ke3 Rh3 35. Kd4 Rh4 36. Ke3 Rh3 37. Kd4 Kd6 38. Rd2 Kc7 39. Rd3 Rh2 40. Rb3 Ba4 41. Ra3 Bc6 42. Bxc6 Kxc6 43. Rb3 Re2 44. Rb5 f6 45. a4 Re1 46. c5 Rd1+ 47. Ke3 bxc5 48. Rxa5 Rd4 49. f5 exf5 50. Ra6+ Kd5 51. Rxf6 Ke5 52. Rc6 f4+ 53. Kf3 Kd5 54. Rf6 Rxa4 55. Rf5+ Kc4 56. Rxf4+ Kb3 57. Rxa4 Kxa4 58. Ke4 Kb3 59. Kd5 Kxb2 60. Kxc5 1/2-1/2

[Event "Vaujany op-A 6th"]
[Site "Vaujany"]
[Date "2015.07.13"]
[Round "5"]
[White "Geenen, Marc"]
[Black "Horvath, Jozsef"]
[Result "0-1"]
[WhiteElo "2231"]
[BlackElo "2538"]
[PlyCount "76"]
[EventDate "2015.07.09"]
[EventType "swiss"]
[EventRounds "9"]
[EventCountry "FRA"]
[SourceTitle "EXT 2016"]
[Source "ChessBase"]
[SourceDate "2015.10.08"]
[SourceVersion "1"]
[SourceVersionDate "2015.10.08"]
[SourceQuality "1"]

1. e4 c5 2. Nf3 Nc6 3. d4 cxd4 4. Nxd4 Qc7 5. Nc3 e6 6. f4 a6 7. Be3 b5 8. Bd3 Bb7 9. Qd2 Nf6 10. e5 Ng4 11. Bg1 Na5 12. Qe2 f5 13. 0-0-0 Nh6 14. Be3 Be7 15. h3 0-0 16. Rhg1 Bb4 17. Nb1 Bd5 18. a3 Bc5 19. Nc3 Bb7 20. Kb1 Rab8 21. Ndxb5 axb5 22. Nxb5 Qb6 23. Bxc5 Qxc5 24. b4 Qb6 25. bxa5 Qxa5 26. c4 Nf7 27. g4 Nd8 28. gxf5 exf5 29. Qh5 Be4 30. Bxe4 fxe4 31. e6 Nxe6 32. Rxd7 Qxa3 33. Qd5 Qb3+ 34. Ka1 Kh8 35. Ra7 Qe3 36. Rgxg7 Nxg7 37. Rxg7 Rxb5 38. cxb5 Qc3+ 0-1

[Event "Vaujany op 5th"]
[Site "Vaujany"]
[Date "2014.07.17"]
[Round "8.14"]
[White "Geenen, Marc"]
[Black "Di Nicolantonio, Lucas"]
[Result "0-1"]
[WhiteElo "2221"]
[BlackElo "2345"]
[PlyCount "56"]
[EventDate "2014.07.10"]
[EventType "swiss"]
[EventRounds "9"]
[EventCountry "FRA"]
[SourceTitle "EXT 2017"]
[Source "ChessBase"]
[SourceDate "2016.10.25"]
[SourceVersion "1"]
[SourceVersionDate "2016.10.25"]
[SourceQuality "1"]

1. e4 c5 2. Nf3 Nc6 3. d4 cxd4 4. Nxd4 e5 5. Nb5 d6 6. Be3 Nf6 7. Bg5 a6 8. Bxf6 gxf6 9. N5c3 f5 10. Qh5 Bg7 11. Bc4 0-0 12. Nd2 Nd4 13. 0-0-0 fxe4 14. Ndxe4 Bf5 15. Bd5 Bg6 16. Qh3 b5 17. Rd2 b4 18. Ne2 Qa5 19. Rxd4 exd4 20. Qb3 Rae8 21. N2g3 Re5 22. Bb7 Rb8 23. f4 Bh6 24. Kb1 Bxf4 25. Qf3 Bxg3 26. Nxg3 d5 27. Qf4 Rbe8 28. Qd2 Qb5 0-1

[Event "EU-chT Seniors"]
[Site "Sibenik"]
[Date "2014.04.02"]
[Round "2.4"]
[White "Dizdarevic, Emir"]
[Black "Geenen, Marc"]
[Result "1/2-1/2"]
[WhiteElo "2503"]
[BlackElo "2240"]
[PlyCount "73"]
[EventDate "2014.04.01"]
[EventType "team-swiss"]
[EventRounds "9"]
[EventCountry "CRO"]
[SourceTitle "CBM 159 Extra"]
[Source "ChessBase"]
[SourceDate "2014.04.24"]
[SourceVersion "1"]
[SourceVersionDate "2014.04.24"]
[SourceQuality "1"]
[WhiteTeam "Bosnia CC Seniors"]
[BlackTeam "Belgium Seniors"]
[WhiteTeamCountry "BIH"]
[BlackTeamCountry "BEL"]

1. Nf3 Nf6 2. g3 g6 3. b3 Bg7 4. Bb2 0-0 5. Bg2 d6 6. d4 c5 7. c4 Ne4 8. 0-0 Nc6 9. e3 e5 10. d5 Ne7 11. Ne1 Nf6 12. e4 Nd7 13. Nd3 f5 14. Nd2 Nf6 15. Qc2 fxe4 16. Nxe4 Nxe4 17. Bxe4 Bh3 18. Rfe1 Nf5 19. f3 Nd4 20. Bxd4 exd4 21. Re2 Bh6 22. Nf2 Bd7 23. f4 Qf6 24. Rae1 Rfe8 25. a4 Bf8 26. Bd3 Rxe2 27. Rxe2 Re8 28. Rxe8 Bxe8 29. Kg2 Bd7 30. h4 Kg7 31. Qe2 Qe7 32. Qf3 Qe3 33. Qxe3 dxe3 34. Nd1 Bf5 35. Nb2 Bg4 36. Kf1 Kf7 37. Be2 1/2-1/2

[Event "Charleroi op"]
[Site "Charleroi"]
[Date "2013.08.03"]
[Round "9"]
[White "Geenen, Marc"]
[Black "Callier, Christophe"]
[Result "1/2-1/2"]
[WhiteElo "2235"]
[BlackElo "2060"]
[PlyCount "35"]
[EventDate "2013.07.27"]
[EventType "swiss"]
[EventRounds "9"]
[EventCountry "BEL"]
[SourceTitle "CBM 155 Extra"]
[Source "ChessBase"]
[SourceDate "2013.08.26"]
[SourceVersion "1"]
[SourceVersionDate "2013.08.26"]
[SourceQuality "1"]

1. e4 d5 2. exd5 Qxd5 3. Nc3 Qd6 4. d4 Nf6 5. Nf3 a6 6. g3 Bg4 7. Bg2 Nc6 8. 0-0 0-0-0 9. d5 Ne5 10. Bf4 Nxf3+ 11. Bxf3 Bxf3 12. Qxf3 e5 13. dxe6 Qxe6 14. Bg5 Bd6 15. Rfe1 Be5 16. Ne4 Nxe4 17. Bxd8 Nd2 18. Qe2 1/2-1/2

[Event "Lille Luce op 3rd"]
[Site "Lille"]
[Date "2012.04.27"]
[Round "6"]
[White "Van Steenkiste, Luc"]
[Black "Geenen, Marc"]
[Result "0-1"]
[WhiteElo "1843"]
[BlackElo "2245"]
[PlyCount "36"]
[EventDate "2012.04.23"]
[EventType "swiss"]
[EventRounds "8"]
[EventCountry "FRA"]
[SourceTitle "CBM 148 Extra"]
[Source "ChessBase"]
[SourceDate "2012.06.22"]
[SourceVersion "1"]
[SourceVersionDate "2012.06.22"]
[SourceQuality "1"]

1. d4 Nf6 2. f3 d5 3. e4 dxe4 4. Nc3 c6 5. fxe4 e5 6. Nf3 exd4 7. Nxd4 Bb4 8. Bg5 h6 9. Be3 Nxe4 10. Qd3 Qe7 11. Be2 0-0 12. 0-0 Re8 13. Bf4 Nxc3 14. bxc3 Bd6 15. Bd2 Qc7 16. Bh5 Bxh2+ 17. Kh1 Re7 18. Rae1 Kh8 0-1

[Event "Lille Luce op 3rd"]
[Site "Lille"]
[Date "2012.04.23"]
[Round "1"]
[White "Geenen, Marc"]
[Black "Turov, Maxim"]
[Result "0-1"]
[WhiteElo "2245"]
[BlackElo "2658"]
[PlyCount "68"]
[EventDate "2012.04.23"]
[EventType "swiss"]
[EventRounds "8"]
[EventCountry "FRA"]
[SourceTitle "CBM 148 Extra"]
[Source "ChessBase"]
[SourceDate "2012.06.22"]
[SourceVersion "1"]
[SourceVersionDate "2012.06.22"]
[SourceQuality "1"]

1. e4 c6 2. d4 d5 3. Nc3 dxe4 4. Nxe4 Nf6 5. Nxf6+ gxf6 6. Bc4 Bf5 7. Ne2 Nd7 8. Nf4 e6 9. Bb3 Nb6 10. c3 Rg8 11. Qe2 Bd6 12. h3 a5 13. g4 Bg6 14. h4 a4 15. Bd1 Bxf4 16. Bxf4 Qd5 17. Rh2 h5 18. g5 Qf5 19. Bd2 0-0-0 20. Qf3 Qxf3 21. Bxf3 e5 22. dxe5 Nc4 23. 0-0-0 a3 24. bxa3 Nxe5 25. Be2 Nd3+ 26. Bxd3 Rxd3 27. gxf6 Rgd8 28. Rg2 Bf5 29. Rg3 R3d5 30. a4 Bg4 31. f3 Rd3 32. Rxg4 hxg4 33. fxg4 Rh3 34. h5 Rh4 0-1

[Event "EU-ch 12th"]
[Site "Aix les Bains"]
[Date "2011.03.30"]
[Round "8"]
[White "Chubar, Vladimir"]
[Black "Geenen, Marc"]
[Result "0-1"]
[WhiteElo "2124"]
[BlackElo "2289"]
[PlyCount "56"]
[EventDate "2011.03.22"]
[EventType "swiss"]
[EventRounds "11"]
[EventCountry "FRA"]
[SourceTitle "CBM 142 Extra"]
[Source "ChessBase"]
[SourceDate "2011.06.27"]
[SourceVersion "1"]
[SourceVersionDate "2011.06.27"]
[SourceQuality "1"]

1. d4 d5 2. Nf3 Nf6 3. Bg5 Ne4 4. Bf4 c5 5. c3 cxd4 6. cxd4 Nc6 7. e3 Qa5+ 8. Nbd2 e5 9. dxe5 g5 10. Bxg5 Bg4 11. a3 Nxg5 12. b4 Qb6 13. Qb3 Nxf3+ 14. gxf3 Be6 15. f4 a5 16. b5 a4 17. Qc2 Ne7 18. Bd3 Qa5 19. Ke2 Bd7 20. Qb2 Bf5 21. e4 dxe4 22. Bxe4 Bxe4 23. Nxe4 Nd5 24. Kf3 0-0-0 25. Rhd1 Be7 26. Qc2+ Kb8 27. Qc4 Qc7 28. Qxa4 f5 0-1

[Event "EU-ch 12th"]
[Site "Aix les Bains"]
[Date "2011.03.25"]
[Round "4"]
[White "Cornette, Matthieu"]
[Black "Geenen, Marc"]
[Result "1-0"]
[WhiteElo "2548"]
[BlackElo "2289"]
[PlyCount "71"]
[EventDate "2011.03.22"]
[EventType "swiss"]
[EventRounds "11"]
[EventCountry "FRA"]
[SourceTitle "CBM 142 Extra"]
[Source "ChessBase"]
[SourceDate "2011.06.27"]
[SourceVersion "1"]
[SourceVersionDate "2011.06.27"]
[SourceQuality "1"]

1. d4 d5 2. Nf3 Nf6 3. c4 c6 4. Nc3 dxc4 5. a4 Bf5 6. Nh4 Bc8 7. e3 e5 8. Bxc4 exd4 9. exd4 Be7 10. 0-0 0-0 11. Re1 Na6 12. Bg5 Nc7 13. Qb3 Rb8 14. Re5 Be6 15. Bxe6 Nxe6 16. Nf5 Nxg5 17. Nxe7+ Kh8 18. d5 Nxd5 19. Ncxd5 cxd5 20. Rae1 Ne6 21. Nxd5 Qd6 22. Qe3 b6 23. h3 Rbd8 24. b4 h6 25. Rh5 Nc7 26. Ne7 Rfe8 27. Re5 Ne6 28. Nf5 Qd3 29. Qc1 f6 30. R5e4 Qd7 31. Qe3 Nc7 32. Ne7 Kh7 33. Qg3 g5 34. Qf3 Rf8 35. Nc6 Nd5 36. Re7+ 1-0

[Event "BEL-chT 1011"]
[Site "Belgium"]
[Date "2011.02.27"]
[Round "9.2"]
[White "Geenen, Marc"]
[Black "Claesen, Pieter"]
[Result "1/2-1/2"]
[WhiteElo "2316"]
[BlackElo "2367"]
[PlyCount "41"]
[EventDate "2010.09.26"]
[EventType "team-tourn"]
[EventRounds "11"]
[EventCountry "BEL"]
[SourceTitle "EXT 2012"]
[Source "ChessBase"]
[SourceDate "2011.11.24"]
[SourceVersion "1"]
[SourceVersionDate "2011.11.24"]
[SourceQuality "1"]
[WhiteTeam "Namur"]
[BlackTeam "Fontaine"]
[WhiteTeamCountry "BEL"]
[BlackTeamCountry "BEL"]

1. e4 e6 2. d4 d5 3. Nd2 Nf6 4. e5 Nfd7 5. c3 c5 6. Bd3 Nc6 7. Ne2 cxd4 8. cxd4 f6 9. exf6 Nxf6 10. Nf3 Bd6 11. 0-0 0-0 12. Bf4 Bxf4 13. Nxf4 Ng4 14. Qd2 Qf6 15. Ne2 e5 16. dxe5 Ncxe5 17. Ned4 Nxf3+ 18. Nxf3 Qd6 19. h3 Rxf3 20. hxg4 Rf7 21. f3 1/2-1/2

[Event "BEL-chT 1011"]
[Site "Belgium"]
[Date "2011.01.09"]
[Round "6.2"]
[White "Geenen, Marc"]
[Black "Zaitsev, Mikhail"]
[Result "0-1"]
[WhiteElo "2316"]
[BlackElo "2507"]
[PlyCount "76"]
[EventDate "2010.09.26"]
[EventType "team-tourn"]
[EventRounds "11"]
[EventCountry "BEL"]
[SourceTitle "EXT 2012"]
[Source "ChessBase"]
[SourceDate "2011.11.24"]
[SourceVersion "1"]
[SourceVersionDate "2011.11.24"]
[SourceQuality "1"]
[WhiteTeam "Namur"]
[BlackTeam "Eynatten"]
[WhiteTeamCountry "BEL"]
[BlackTeamCountry "BEL"]

1. e4 e5 2. Nf3 d6 3. d4 exd4 4. Nxd4 Nf6 5. Nc3 Be7 6. Bf4 0-0 7. Qd2 c6 8. Be2 Re8 9. 0-0-0 Bf8 10. Bf3 Qb6 11. Rhg1 Na6 12. g4 Nc5 13. Rde1 Nfd7 14. Nf5 Ne5 15. Be2 Qc7 16. Rd1 Re6 17. Nd4 Re7 18. Nf5 Rd7 19. Ne3 b5 20. f3 a5 21. g5 b4 22. Nb1 Ba6 23. Bxa6 Rxa6 24. Qe2 Ra8 25. Nc4 a4 26. Be3 Nxc4 27. Qxc4 d5 28. exd5 cxd5 29. Rxd5 Rxd5 30. Qxd5 Re8 31. Bxc5 Bxc5 32. Rd1 Be3+ 33. Nd2 Rd8 34. Qe4 Qc5 35. a3 Bxd2+ 36. Kb1 bxa3 37. Qxa4 axb2 38. Qb3 g6 0-1